00568nam a2200181Ia 450000500170000000800410001702000120005808200130007010000180008324500790010126000460018030000140022665000100024065000180025094200060026895200970027499900150037120240604012518.0240331s9999 xx 000 0 und d a0803003 bCHAa396 aChatterjee, R 4aThe Queen's daughters :bprostitutes as an outcast group in colonial India aFantoftbChr.Michelesen Institutionc1992 avi,34 p., aWomen aProstitiution cL 001040708LaWERCLbWERCLcSSCd2024-03-31l0o 362.8 CHAp3181r2024-03-31w2024-03-31yL c2873d2873